000 00312nam a22001457a 4500
008 210311b ||||| |||| 00| 0 eng d
020 _a9780073212654
041 _aeng
080 _a573
082 _a573
100 _a11
101 _aBIO
245 _aEssentials of Biology
_cMader, S. S
942 _2udc
_cBK
999 _c56362
_d56362